Statistiche per Organi del corpo umano (con mappa)

Clicka qui per fare il quiz!

Statistiche generali

  • Questo quiz è stato fatto 1.395 volte
  • Il punteggio medio è 10 su 12

Risposte nella Mappa

Le risposte nella mappa del quiz sottostante sono codificate secondo una scala di colori dal rosso al verde in base alla % di persone che hanno risposto correttamente.
 

Statistiche sulle risposte

Organi% Corretto
Polmoni
100%
Cervello
99%
Fegato
95%
Stomaco
88%
Intestino crasso
83%
Intestino tenue
83%
Pancreas
83%
Cuore
78%
Milza
70%
Vescica
70%
Reni
68%
Cistifellea
37%

Distribuzione punteggi

Percentile per numero di risposta

Percentuale di utenti per punteggio

I tuoi punteggi nel tempo

Non hai fatto questo quiz